Current status of faunal diversity in telangana/ (Record no. 201558)

MARC details
000 -LEADER
fixed length control field 00737nam a22002177a 4500
005 - DATE AND TIME OF LATEST TRANSACTION
control field 20240327144746.0
010 ## - LCCN (DPL NO)
LC control number ENG-139748 ENG-139962
020 ## - INTERNATIONAL STANDARD BOOK NUMBER
International Standard Book Number 9788181715708
Terms of availability 3515.00
035 ## - SYSTEM CONTROL NUMBER
System control number EN-123280
035 ## - SYSTEM CONTROL NUMBER
System control number EN-123494
037 ## - SOURCE OF ACQUISITION
Source of stock number/acquisition DBAD/PUB
082 ## - DEWEY DECIMAL CLASSIFICATION NUMBER
Classification number 574.9543
Edition number 1
100 ## - MAIN ENTRY--PERSONAL NAME
Personal name Chandra kailash
245 ## - TITLE STATEMENT
Title Current status of faunal diversity in telangana/
Statement of responsibility, etc By Kailash chandra
260 ## - PUBLICATION, DISTRIBUTION, ETC. (IMPRINT)
Place of publication, distribution, etc Kolkata
Name of publisher, distributor, etc Zoological survey of India
Date of publication, distribution, etc 2021
270 ## - ADDRESS
City Kolkata
Address M-Block,New alipore, Kolkata
Postal code 700025
300 ## - PHYSICAL DESCRIPTION
Extent 379p.
Dimensions 24cm(pbk)
700 ## - ADDED ENTRY--PERSONAL NAME
Personal name Kailash chandra
9 (RLIN) 63493
710 ## - ADDED ENTRY--CORPORATE NAME
Corporate name or jurisdiction name as entry element Deepa Jaiswal , C.Raghunathan, S.S.Jadhav & M.Karuthapandi
Relator term Authors
9 (RLIN) 63494
942 ## - ADDED ENTRY ELEMENTS (KOHA)
Source of classification or shelving scheme Dewey Decimal Classification
Item type English Books
Call number suffix Kai
Classification part 574.9543
Holdings
Withdrawn status Lost status Not for loan Collection code Home library Current library Date acquired Source of acquisition Cost, normal purchase price Full call number Barcode Copy number Cost, replacement price Koha item type
    Not For Loan Reference Ashok Vihar Ashok Vihar 27/03/2024 DBAD 3515.00 574.9543 CHA EN-123494 1 3515.00 English Books
    Not For Loan Reference Patel Nagar Patel Nagar 18/03/2024 DBAD 3515.00 KAI 574.9543 EN-123280 1 3515.00 English Books

© Delhi Public Library
Hit Counter
free hit counter